| 000 | 00478nam a2200193Ia 4500 | ||
|---|---|---|---|
| 005 | 20240823060302.0 | ||
| 008 | 240823s9999||||xx |||||||||||||| ||und|| | ||
| 041 | _aENGLISH | ||
| 082 | _A658.562 P5 | ||
| 100 | _aMuthu kumar M | ||
| 245 | 0 | _aTotal Quality Management | |
| 250 | _a1st | ||
| 260 |
_c2005 _bHi-Tech Publica |
||
| 500 | _aTRANSFERED | ||
| 650 |
_aTotal Quality Management _bManagement Studies |
||
| 700 | _aTamilarasan V S | ||
| 942 | _cBK | ||
| 999 |
_c230770 _d230770 |
||